1287 1360 1665 1569 1687 1445 1283 1578 1873 1166 1977 1375 1850 1539 1239 1800 1985 1410 1019 1017 1810 1971 1894 1248 1212 1911 1514 1428 1860 1369 1776 1625 1330 1410 1014 1055 1891 1917 1575 1551 1579 1976 1747 1458 1370 1705 1996 1906 1365 1675 1743 1204 1755 1417 1284 1116 1429 1958 1496 1783 1242 1010 1819 1563 1231 1564 1967 1607 1889 1051 1993 1036 1261 1597 1409 1623 1868 1889 1549 1870 1689 1755 1201 1377 1386 1263 1598 1799 1294 1616 1776 1355 1872 1328 1695 1201 1631 1039 1317 BCNSPRNW ULIB Ver.6.0+V

เปลี่ยนเป็นภาษาไทย

Change to English
 แสดงรายละเอียดบรรณานุกรม
  กลับหน้าหลัก

Brief Record : Get Marc (ISO 2709) : E-mail record : QR code < ปิดหน้าต่าง
LEADER : 00000nam 2200000uu 4500
001    13399122179
003     ULIB
008    130108s||||||||th 000 0 tha d
020    ^a9780521712781
050  4 ^aPE1131^bR312f
100 1  ^aRedston, Chris.
245 10 ^aFace2face ^bAdvanced students book with cd-rom/audio cd C1 / ^cChris Redston, Gillie Cunningham.
250    ^aReprinted
260    ^a[S.l.] : ^bCambridge University Press, ^c2010.
300    ^a160 p. ; ^c28 cm.
650  0 ^aEnglish--Use
700 1  ^aCunningham, Gillie.
700 0  Jan Bell
945    ^p420^l0^i033386
995    ^aKesorn
999 ^a ใช้งานได้ทุกระบบ
รายการนี้ยังไม่มีแท็ก
คุณยังไม่ได้ล็อกอิน คุณสามารถมีกิจกรรมร่วมกับเว็บไซต์ได้ แต่ต้องล็อกอินก่อน ::
  ล็อกอิน

รายการสื่อสารสนเทศ

ลำดับที่ ประเภท เลขเรียก/บาร์โค้ด สถานที่ สถานะ
1. การศึกษาทั่วไป
การศึกษาทั่วไป
PE1131 R312f  
  Barcode: 033386
ห้องสมุดวิทยาเขตสวรรค์ประชารักษ์
►หนังสือทั่วไป
บนชั้น

รายการใกล้เคียง
    ผู้แต่ง [Redston, Chris.]

    หัวเรื่อง [English--Use]

BibComment


ยังไม่เคยถูกคอมเมนท์

คอมเมนท์ทรัพยากรรายการนี้
  คอมเมนท์: Face2face Advan..


 Copyright 2026. Bcnsprnw @Library